000 00786nam a2200253Ia 4500
003 OSt
005 20221006153509.0
006 a|||||r|||| 00| 0
007 ta
008 221006b |||||||| |||| 00| 0 chi d
020 _a9576784409
024 _a32,468
037 _bGift, Republic of China
_cTextual
040 _aEASL
_cEASL
_bchi
041 _2chi
_achi
082 _a213a24295, N5
245 0 _aIllustrated catalogue of the Taiwan archaic documents exhibition at teh national central library
260 _aTaiwan
_bNational Central Library ROC
_c1995
300 _a89p.
_ccm.
490 _v CL
650 _aDocuments exhibition-Catalogue-Taiwan
_9664267
942 _h213a24295, N5
_cTEXL
_2CC
999 _c1100554
_d1100554